Normal view MARC view

Entry Personal Name

Number of records used in: 1

001 - CONTROL NUMBER

  • control field: 9556

003 - CONTROL NUMBER IDENTIFIER

  • control field: DLC

005 - DATE AND TIME OF LATEST TRANSACTION

  • control field: 20230921145405.0

008 - FIXED-LENGTH DATA ELEMENTS

  • fixed length control field: 220426n| azannaabn |n aaa

010 ## - LIBRARY OF CONGRESS CONTROL NUMBER

  • LC control number: n 2022021853

040 ## - CATALOGING SOURCE

  • Original cataloging agency: DLC
  • Language of cataloging: eng
  • Description conventions: rda
  • Transcribing agency: DLC

100 1# - HEADING--PERSONAL NAME

  • Personal name: Sukumar, N.
  • Titles and other words associated with a name: (Sociologist)

670 ## - SOURCE DATA FOUND

  • Source citation: Caste discrimination and exclusion in Indian universities, 2022:
  • Information found: eCIP title page (N. Sukumar)

Powered by Koha